Top 20 greatest male pop singers of all time - Statistics

General Stats
  • This quiz has been taken 117 times
  • The average score is 6 of 20
Answer Stats
Answer % Correct
2 Michael Jackson
91%
3 Elvis Presley
65%
5 Elton John
62%
8 Prince
43%
1 Freddie Mercury
42%
11 Paul McCartney
42%
4 Frank Sinatra
30%
6 Stevie Wonder
27%
12 Billy Joel
25%
18 Bruno Mars
23%
16 David Bowie
23%
7 Marvin Gaye
17%
20 Rod Stewart
16%
13 Ray Charles
15%
19 Lionel Richie
13%
15 Sam Cooke
12%
9 Smokey Robinson
10%
17 Roy Orbison
9%
10 Otis Redding
4%
14 Nat King Cole
2%
No matching quizzes found
Score Distribution
Percent of People with Each Score
Percentile by Number Answered
Your Score History
You have not taken this quiz